• 首页
  • 本馆介绍
  • 公告通知
  • 最新文献
  • 馆藏检索
  • 电子资源
  • 读者导购
  • 参考咨询
  • 我的图书馆
  • 登录
  • 详细信息显示
  • 放入我的书架
  • 预约/预借图书
  • 作者相关作品
  • 分类相关作品
  • 丛书相关作品
  • 出版社相关作品

书目信息

  • 表格格式
  • 工作单格式
  • 卡片格式
书名: Economics
作者: William J. Baumol, Alan S. Blinder.
分册号:
分册名:
出版地: Fort Worth, TX :
 
出版社: Dryden Press
出版时间: c1997.
页数: 915 p.(various pagings) :
开本: 26 cm.
丛书名:
中图分类号:
科图分类号:
其他分类号: F110
主题词:
电子资源:
000 01093cam a2200313 a 450
001 E0754404587
005 20070425150931.51
008 960408s1997 txua b 001 0 eng
010    @a95071691
020    @a0-03-005052-8.
035    @A(DLC) 95071691
040    @aDLC@cDLC@dDLC
042    @apcc
050 00 @aHB171.5@b.B322 1997
082 00 @a330@2 21
090    @aF110
099    @dF110@ex16=7
100 1  @aBaumol, William J.
245 10 @aEconomics :@bprinciples and policy / @cWilliam J. Baumol, Alan S. Blinder.
250    @a7th ed.
260    @aFort Worth, TX :@bDryden Press,@cc1997.
260    @aFort Worth, TX :@bFort Worth, TX.
300    @a915 p.(various pagings) :@bill. (some col.) ;@c26 cm.
504    @aIncludes bibliographical references and index.
650  0 @aEconomics.
700 1  @aBlinder, Alan S.
906    @a7@bcbc@corignew@d2@eopcn@f19@gy-gencatlg
925 0  @aacquire@b1 shelf copy@xpolicy default
955    @apn12 04-08-96@apb19 2001-07-30 to SSCD@ase00 2001-08-06@cse45 2001-08-21@ise45 2001-08-21@ese45 2001-08-21 to Dewey@aaa11 2001-08-22
    
    Economics : : principles and policy / / William J. Baumol, Alan S. Blinder.-7th ed.-Fort Worth, TX : : Dryden Press, , c1997.-Fort Worth, TX : : Fort Worth, TX.
    915 p.(various pagings) : : ill. (some col.) ; ; 26 cm.
    Includes bibliographical references and index.
    
    ISBN 0-03-005052-8.
    
●
相关链接 在E读中查询图书 在五车中查询图书 在当当中查询图书 在豆瓣中查询图书


正题名:Economics     索取号:F110/x16=7         预约/预借

序号 登录号 条形码 馆藏地/架位号 状态 备注
1 5356   300053563   第二样本阅览室/ [索取号:F110/x16=7] 在馆    
2 5357   300053572   第四借阅区/ [索取号:F110/x16=7] 在馆    
唐山师范学院图书馆 欢迎您!
大连网信软件有限公司© 版权所有